Scythe - Statistics

General Stats
  • This quiz has been taken 217 times
  • The average score is 12 of 15
Answer Stats
Question Answer % Correct
What is the name of the kid at Rowan's school that get's gleaned by Scythe Faraday? Khol Whitlock
97%
Why does Citra switch to Scythe Marie Curie for the rest of her apprenticeship? Scythe Faraday fake self-gleans
97%
What is the name of Citra's younger brother? Ben
93%
What are the names of Goddard's junior scythes? Rand, Volta and Chomsky
93%
What did Faraday say to the teenager who sneaked up to him at the shops to kiss his ring and gain immunity? You have 365 days of immunity..... And I'll be seeing you on day 366
87%
What colour robe does Xenocrates wear? Gold
83%
What happened when Citra touched Faraday's ring after giving him his bedtime milk? It gave her severe frostbite
83%
How is Rowan granted immunity at the end? Citra punched him so his blood and (DNA) would be reccorded on her ring
80%
What is the name of Scythe Marie Curie's house Falling Water
80%
What type of scythe is Goddard? New - Order
80%
Who takes Citra under his wing on the train to protect her from the disguised Chilargentine scythes who are hunting her down? Scythe Possuelo
77%
After Rowan arranged for Esme to return to her mother, who took her safely home? Her Father, Scythe Xenocrates
73%
When the Thunderhead speaks to Citra when she is 'deadish' what is the first thing she says Is someone there? Who is that?
63%
In which conclave was Rowan supposed to be gleaned? Winter Conclave
53%
What sort of ice cream did Ben tell Citra he wanted before she 'temporarily' killed him? Hot Fudge sudae, three scoops, with chocolate chip
50%
No matching quizzes found
Score Distribution
Percent of People with Each Score
Percentile by Number Answered
Your Score History
You have not taken this quiz